000 00584nam a2200193Ia 4500
003 OSt
005 20250712092838.0
008 210210b1998 xxu||||| |||| 00| 0 eng d
040 _cAL
041 _aKannada
082 _a301K SHAS
100 _aSHANKAR RAV (Cha Na).
_d ಶಂಕರ್ ರಾವ್ (ಚ ನ)
_9218415
245 _aSamajashastrada shilpigalu.
_bಸಮಾಜಶಾಸ್ತ್ರ ಶಿಲ್ಪಿಗಳು
260 _aMangaluru
_bJai Bharat prakashana
_c1998
300 _axvi,352,127
690 _aSociology
_9218416
906 _a054268
942 _2ddc
_cBK
999 _c102447
_d102447